MARC

LEADER 00000nam a2200000Ia 4500
001 13110
008 160829s1997 xx 000 0 cat d
080 |a M-3-407 
110 1 |a Barcelona (Catalunya : Província).  |b Servei de Serveis Generals  |9 55916 
245 |a Manual dels productes del Servei de Serveis Generals 
250 |a 2a ed. 
260 |a [Barcelona] :  |b Diputació de Barcelona. Area de Règim Interior, Hisenda i Planificació. Servei de Serveis Generals,  |c 1997 
300 |a 9 + [116] p. ;  |c 23,6 cm 
590 |a Conté un seguit de fitxes descriptives que recullen una breu descripció dels productes que ofereix el Servei de Serveis Generals i el contingut de la tramitació necessaria pel seu gaudiment. 
650 |a Barcelona. Diputació. Servei de Serveis Generals 
901 |a Arxiu 
942 |n 1 
952 |0 0  |1 0  |4 0  |6 M3407  |7 1  |9 48232  |a Arxiu  |b Arxiu  |d 2016-12-01  |l 0  |o M-3-407  |p 13110  |r 2016-12-01 00:00:00  |w 2016-12-01  |y ARXIU 
999 |c 52038  |d 52038